书目信息 |
| 题名: |
文字起源
|
|
| 作者: | 施曼特-贝瑟拉 著 ;王乐洋 译 | |
| 分册: | ||
| 出版信息: | 北京 商务印书馆 2021.06 |
|
| 页数: | 12,257页 | |
| 开本: | 21cm | |
| 丛书名: | 汉译世界学术名著丛书 | |
| 单 册: | ||
| 中图分类: | H02 | |
| 科图分类: | ||
| 主题词: | 文字--起源--研究 | |
| 电子资源: | ||
| ISBN: | 978-7-100-19854-7 | |
| 000 | 00920nam0 2200265 450 | |
| 001 | 2169035491 | |
| 005 | 20211116191040.13 | |
| 010 | @a978-7-100-19854-7@dCNY45.00 | |
| 100 | @a20211018d2021 em y0chiy50 ea | |
| 101 | 1 | @achi@ceng |
| 102 | @aCN@b110000 | |
| 105 | @aab z 001yy | |
| 200 | 1 | @a文字起源@f(美)丹尼丝·施曼特-贝瑟拉著@g王乐洋译 |
| 210 | @a北京@c商务印书馆@d2021.06 | |
| 215 | @a12,257页@c图,地图@d21cm | |
| 225 | 2 | @a汉译世界学术名著丛书@h第十九辑 |
| 300 | @a汉译名著 | |
| 330 | @a本书以伊朗、伊拉克、雷凡特和土耳其等地116处遗址的8000多个标本为基础,对它们进行了分析和阐释,由此记录下了世界上第一个书写系统——楔形文字系统的直系前身。 | |
| 333 | @a文字研究者、爱好者及普通读者 | |
| 606 | 0 | @a文字@x起源@x研究 |
| 690 | @aH02@v5 | |
| 701 | 0 | @c(美)@a施曼特-贝瑟拉@c(Shmandt-Besserat, Denise@f1933-)@4著 |
| 702 | 0 | @a王乐洋@4译 |
| 801 | 0 | @aCN@b山东中教@c20211112 |
| 905 | @aZUCC@dH02@e3 | |
| 文字起源/(美)丹尼丝·施曼特-贝瑟拉著/王乐洋译.-北京:商务印书馆,2021.06 |
| 12,257页:图,地图;21cm.-(汉译世界学术名著丛书.第十九辑) |
| 汉译名著.-使用对象:文字研究者、爱好者及普通读者 |
| ISBN 978-7-100-19854-7:CNY45.00 |
| 本书以伊朗、伊拉克、雷凡特和土耳其等地116处遗址的8000多个标本为基础,对它们进行了分析和阐释,由此记录下了世界上第一个书写系统——楔形文字系统的直系前身。 |
| ● |
| 相关链接 |
|
|
|
正题名:文字起源
索取号:H02/3
 
预约/预借
| 序号 | 登录号 | 条形码 | 馆藏地/架位号 | 状态 | 备注 |
| 1 | 2000889279 | 2000889279 | 第三书库/ [索取号:H02/3] | 在馆 | |
| 2 | 2000889280 | 2000889280 | 第三书库/ [索取号:H02/3] | 在馆 | |
| 3 | 2000889281 | 2000889281 | 第三书库/ [索取号:H02/3] | 在馆 |